Kings of Leon Top 20 Streams - Statistics

General Stats
  • This quiz has been taken 44 times
    17 since last reset
  • The average score is 11 of 20
Answer Stats
Answer Streams % Correct
Sex on Fire 1.5 billion
100%
Use Somebody 917 million
88%
Pyro 216 million
81%
Closer 237 million
75%
Back Down South 79.9 million
69%
Manhattan 80.1 million
69%
Wait For Me 140 million
63%
Notion 79.3 million
56%
Revelry 108 million
56%
Walls 139 million
50%
Waste a Moment 217 million
50%
Molly's Chambers 88 million
44%
On Call 70.6 million
44%
Find Me 97 million
38%
Radioactive 107 million
38%
The Bucket 75 million
38%
Supersoaker 123 million
31%
Around The World 69 million
25%
Beautiful War 70.5 million
25%
Reverend 80.5 million
25%
No matching quizzes found
Score Distribution
Percent of People with Each Score
Percentile by Number Answered
Your Score History
You have not taken this quiz since the last reset